Every City Visited By Godzilla - Statistics

General Stats
  • This quiz has been taken 16 times
    10 since last reset
  • The average score is 14 of 37
Answer Stats
Country Number of Visits Answer % Correct
China 2 Hong Kong
100%
United States 2 New York City
100%
Japan 3 Osaka
100%
Brazil 2 Rio De Janeiro
100%
Italy 1 Rome
100%
Australia 1 Sydney
100%
Japan 17 Tokyo
100%
United States 3 San Francisco
88%
Egypt 1 Cairo
75%
United States 1 Boston
50%
Japan 1 Fukuoka
50%
Japan 1 Kyoto
50%
United Kingdom 1 Gibraltar
38%
United States 1 Honolulu
38%
United States 1 Los Angeles
38%
United States 1 Pensacola
38%
Japan 1 Sapporo
38%
Spain 1 Cadiz
25%
Japan 1 Nagoya
25%
Japan 1 Sendai
25%
Japan 4 Yokohama
25%
Japan 1 Abashiri
13%
Japan 1 Atami
13%
Japan 1 Beppu
13%
Japan 1 Chiba
13%
Japan 1 Fuji City
13%
France 1 Montagnac
13%
Japan 1 Nemuro
13%
Japan 1 Hamamatsu
0%
Japan 1 Kamakura
0%
Japan 1 Kawasaki
0%
Japan 1 Manazuru
0%
Japan 1 Narita
0%
Japan 1 Tateyama
0%
Japan 2 Tokai
0%
Japan 1 Yaizu
0%
Japan 2 Yokkaichi
0%
No matching quizzes found
Score Distribution
Percent of People with Each Score
Percentile by Number Answered
Your Score History
You have not taken this quiz since the last reset